All Star Wars Movies/TV Shows - Statistics

General Stats
  • This quiz has been taken 309 times
    76 since last reset
  • The average score is 19 of 33
Answer Stats
Hint Answer % Correct
1977 A New Hope
97%
1980 The Empire Strikes Back
94%
1983 Return of the Jedi
93%
2002 Attack of the Clones
91%
2005 Revenge of the Sith
91%
1999 The Phantom Menace
91%
2019 The Mandalorian
80%
2018 Solo: A Star Wars Story
77%
2015 The Force Awakens
76%
2016 Rogue One: A Star Wars Story
74%
2017 The Last Jedi
74%
2019 The Rise of Skywalker
71%
2023 Ahsoka
70%
2022 Andor
64%
2022 Obi-Wan Kenobi
64%
2014 Star Wars Rebels
63%
2021 The Book of Boba Fett
57%
2024 The Acolyte
54%
2008 Star Wars: The Clone Wars
47%
2021 Star Wars: The Bad Batch
46%
2026 The Mandalorian and Grogu
46%
2022 Tales of the Jedi
43%
2024 Skeleton Crew
41%
2024 Tales of the Empire
36%
1985 Ewoks
34%
2003 Star Wars: Clone Wars
34%
2026 Maul: Shadow Lord
30%
2025 Tales of the Underworld
30%
1985 Droids
29%
2018 Star Wars Resistance
27%
2027 Star Wars: Starfighter
26%
2021 Star Wars: Visions
24%
2023 Young Jedi Adventures
13%
No matching quizzes found
Score Distribution
Percent of People with Each Score
Percentile by Number Answered
Your Score History
You have not taken this quiz since the last reset